[Event "FRA-ch U16"]
[Site "Pau"]
[Date "2015.04.26"]
[Round "1"]
[White "Duclos, Jean"]
[Black "Philippe, Guillaume"]
[Result "0-1"]
[WhiteElo "1795"]
[BlackElo "2195"]
[PlyCount "80"]
[EventDate "2015.04.26"]
[EventType "swiss"]
[EventRounds "9"]
[EventCountry "FRA"]
[SourceTitle "CBM 166 Extra"]
[Source "ChessBase"]
[SourceDate "2015.06.18"]
[SourceVersion "1"]
[SourceVersionDate "2015.06.18"]
[SourceQuality "1"]

1. e4 d6 2. d4 Nf6 3. Nc3 g6 4. Be3 c6 5. f3 b5 6. Qd2 Nbd7 7. Nge2 Bb7 8. Bh6 Bxh6 9. Qxh6 e5 10. Qd2 Qe7 11. 0-0-0 0-0-0 12. d5 Nb6 13. dxc6 Bxc6 14. Ng3 b4 15. Ba6+ Kb8 16. Nce2 d5 17. Qe3 h5 18. h4 dxe4 19. Nxe4 Nbd5 20. Qc5 Qxc5 21. Nxc5 Ne3 22. Rxd8+ Rxd8 23. Nd3 Nxg2 24. Nxe5 Bd5 25. Rd1 Re8 26. Nd7+ Nxd7 27. Rxd5 Kc7 28. Rd4 Nc5 29. Bb5 Re3 30. Rxb4 Rxf3 31. Kd2 a5 32. Rd4 Rh3 33. Bc4 Nxh4 34. Rf4 f5 35. Bd5 g5 36. Rf1 f4 37. Nd4 Kd6 38. Bh1 g4 39. c3 Rh2+ 40. Kd1 Rxb2 0-1

[Event "FRA-ch U10"]
[Site "Aix les Bains"]
[Date "2009.04.20"]
[Round "2"]
[White "Duclos, Jean"]
[Black "Pigeat, Alexandre"]
[Result "0-1"]
[WhiteElo "1480"]
[BlackElo "1716"]
[PlyCount "124"]
[EventDate "2009.04.19"]
[EventType "swiss"]
[EventRounds "9"]
[EventCountry "FRA"]
[SourceTitle "CBM 130 Extra"]
[Source "ChessBase"]
[SourceDate "2009.07.02"]
[SourceVersion "2"]
[SourceVersionDate "2009.07.15"]
[SourceQuality "1"]

1. e4 e6 2. d4 d5 3. e5 c5 4. c3 Nc6 5. Nf3 Qb6 6. a3 c4 7. Be2 Na5 8. Nbd2 Bd7 9. 0-0 Ne7 10. Re1 0-0-0 11. h3 g6 12. Rb1 Qc7 13. Nf1 Nb3 14. Bg5 h6 15. Bf6 Rg8 16. N1d2 Ba4 17. Nxb3 Bxb3 18. Qd2 g5 19. Bxe7 Bxe7 20. Bd1 Qb6 21. Bxb3 Qxb3 22. Qd1 Qxd1 23. Rexd1 b5 24. Ra1 a5 25. a4 b4 26. cxb4 Bxb4 27. Rac1 Kd7 28. Nd2 Rb8 29. Rb1 Rgc8 30. Kf1 c3 31. bxc3 Rxc3 32. Rb3 Rbc8 33. Rxc3 Rxc3 34. Ra1 Kc6 35. Ke2 Rc2 36. Rd1 Ra2 37. Kd3 Bxd2 38. Rxd2 Ra3+ 39. Ke2 Rxa4 40. Rc2+ Rc4 41. Kd3 Rxc2 42. Kxc2 Kb5 43. Kb3 a4+ 44. Kc3 a3 45. Kb3 a2 46. Kxa2 Kc4 47. Kb2 Kxd4 48. g3 Kxe5 49. f4+ gxf4 50. gxf4+ Kxf4 51. Kc2 f5 52. Kd2 d4 53. h4 e5 54. h5 e4 55. Ke2 d3+ 56. Kd2 Kf3 57. Ke1 e3 58. Kf1 d2 59. Kg1 d1Q+ 60. Kh2 Qe2+ 61. Kh3 Qg2+ 62. Kh4 Qg4# 0-1

[Event "FRA-chT4 0809"]
[Site "France "]
[Date "2009.03.15"]
[Round "6"]
[White "Cordier, Michel"]
[Black "Duclos, Jean"]
[Result "0-1"]
[WhiteElo "1600"]
[BlackElo "1480"]
[PlyCount "92"]
[EventDate "2008.10.??"]
[EventType "team-tourn"]
[EventRounds "9"]
[EventCountry "FRA"]
[SourceTitle "EXT 2010"]
[Source "ChessBase"]
[SourceDate "2010.11.25"]
[SourceVersion "1"]
[SourceVersionDate "2010.11.25"]
[SourceQuality "1"]

1. Nf3 d5 2. c4 c6 3. e3 Nf6 4. d4 a6 5. Nc3 b5 6. cxb5 axb5 7. b4 Bg4 8. Be2 e6 9. a3 Bd6 10. Bb2 0-0 11. h3 Bf5 12. 0-0 Nbd7 13. Bd3 Bxd3 14. Qxd3 e5 15. Qc2 e4 16. Nd2 Nb6 17. f3 exf3 18. Rxf3 Qc7 19. Kf2 Rfe8 20. e4 dxe4 21. Ncxe4 Nxe4+ 22. Nxe4 Nc4 23. Nxd6 Qxd6 24. Rd1 Nxb2 25. Qxb2 Rad8 26. Qb3 Qe6 27. Qxe6 Rxe6 28. Re3 Red6 29. Re4 g6 30. g4 Rf6+ 31. Ke3 Ra8 32. Rd3 Rf1 33. Ke2 Ra1 34. d5 cxd5 35. Rxd5 Ra2+ 36. Kf1 R8xa3 37. Rxb5 Rxh3 38. Kg1 Rd3 39. Rb8+ Kg7 40. Rbe8 Rg3+ 41. Kh1 Rh3+ 42. Kg1 Rg3+ 43. Kf1 Rh2 44. b5 Rb3 45. Rb8 Rb1+ 46. Re1 Rh1+ 0-1